Statystyki dla Rozsypanka literowa - Pierwiastki chemiczne

Kliknij tutaj aby rozwiązać quiz!

Ogólne statystyki

  • Ten quiz został rozwiązany 4 459 razy
  • Średni wynik to 9 z 20

Statystyki odpowiedzi

Pierwiastek% Poprawnych
Jod
91%
Ołów
90%
Rtęć
89%
Bar
88%
Bor
88%
Gal
88%
Hel
87%
Lit
87%
Rad
87%
Wapń
87%
Żelazo
87%
Sód
86%
Ren
84%
Tal
83%
Cyna
82%
Rod
82%
Cer
81%
Cynk
81%
Ind
81%
Osm
81%
Tor
81%
Tul
81%
Cez
80%
Wodór
80%
Węgiel
79%
Azot
78%
Fosfor
78%
Złoto
77%
Brom
76%
Chlor
76%
Itr
75%
Glin
74%
Has
74%
Neon
74%
Tlen
74%
Fluor
73%
Erb
71%
Mangan
71%
Miedź
71%
Uran
70%
Polon
69%
Magnez
66%
Chrom
64%
Beryl
63%
Potas
63%
Tytan
61%
Kadm
60%
Selen
58%
Iryd
52%
Pluton
52%
Nikiel
50%
Ferm
49%
Krzem
49%
Kobalt
48%
Neptun
47%
Wanad
46%
Argon
44%
Niob
43%
Bizmut
42%
Holm
42%
Bohr
41%
Siarka
41%
Srebro
39%
Platyna
38%
Wolfram
38%
Kiur
37%
Pallad
36%
Arsen
35%
Ksenon
35%
Nobel
35%
Hafn
34%
Rubid
34%
Astat
33%
Terb
33%
Frans
31%
Europ
30%
Mendelew
29%
Stront
29%
German
28%
Radon
27%
Tantal
26%
Dubn
25%
Krypton
25%
Skand
24%
Technet
22%
Lantan
21%
Lutet
21%
Molibden
20%
Neodym
19%
Cyrkon
18%
Einstein
18%
Roentgen
18%
Antymon
17%
Iterb
17%
Tellur
17%
Tenes
17%
Ameryk
16%
Darmsztadt
16%
Kopernik
16%
Oganeson
16%
Ruten
16%
Aktyn
15%
Berkel
15%
Samar
15%
Moskow
13%
Nihon
12%
Prazeodym
12%
Rutherford
12%
Dysproz
11%
Promet
10%
Lorens
9%
Flerow
7%
Liwermor
7%
Seaborg
7%
Kaliforn
6%
Meitner
6%
Protaktyn
6%
Gadolin
5%

Rozkład punktacji

Percentyl według liczby udzielonych odpowiedzi

Procent ludzi z każdym wynikiem

Twoja historia wyników

Nie rozwiązałeś tego quizu